000
00482nam a2200181Ia 4500
008
100917s9999 xx 000 0 und d
082
_b
14456
100
_a
पंडित ब. म.
245
_a
करूण सुंदरी
260
_b
---
_c
1913
300
_a
150
365
_b
0.75
520
_a
कादंबरी
630
_a
करूण सुंदरी
650
_a
कादंबरी
730
_a
करूण सुंदरी
942
_c
BOOK
999
_c
619850
_d
619847